000
00307nam a2200133Ia 4500
008
240624s9999 xx 000 0 und d
041
_a
eng
082
_a
658.85 GIR
100
_a
GIRARD JOE
245
_a
HOW TO SELL ANYTHING TO ANYBODY
260
_c
2006
_b
Fireside
300
_a
192 : p.
365
_c
_b
25
999
_c
17533
_d
17533